| 000 | 01072nam a2200241Ia 4500 | ||
|---|---|---|---|
| 999 |
_c37391 _d37391 |
||
| 001 | 3350 | ||
| 003 | GE_BSU | ||
| 005 | 20190605172054.0 | ||
| 008 | 181216s1971||||ge |||||||||||||| ||geo|| | ||
| 040 | _cGE_BSU | ||
| 041 | _ageo | ||
| 080 | _a620.1:539.3(075.8) ქ–14 | ||
| 100 |
_aქადარია, კ. _92141 |
||
| 245 |
_aმასალათა გამძლეობა. ნაწ. ll (მოკლე კურსი) : სახელმძღვ. / _cკ. ქადარია ; ა. ჭკუასელი ; მ. მუხაძე ; ბ. ჯაფარიძე ; რედ : ი. გოგუაძე. |
||
| 264 |
_aთბილისი : _bგანათლება, _c1971. |
||
| 300 |
_a193 გვ .: _c20 სმ. |
||
| 653 | _aმასალათა გამძლეობა | ||
| 700 |
_aჭკუასელი, ა _92142 |
||
| 700 |
_aმუხაძე, მ _92143 |
||
| 700 |
_aჯაფარიძე, ბ _92144 |
||
| 700 |
_aგოგუაძე, ი _eრედაქტორი _92145 |
||
| 942 |
_cBK _2udc |
||